| 000 | 00584nam a2200205Ia 4500 | ||
|---|---|---|---|
| 005 | 20250508155824.0 | ||
| 008 | 008 250505s9999 xx 000 0 eng d | ||
| 020 | _a978-81-8484-021-6 | ||
| 037 | _aDissertations | ||
| 040 |
_aFEDL _beng _cFEDL |
||
| 041 |
_aeng _2eng |
||
| 084 |
_a371, SAL/DI _qFEDL |
||
| 100 |
_aSaluja B B _9767563 |
||
| 245 | 0 | _aSources of dissatisfaction among higher secodnary teachers of Delhi state | |
| 260 | _c1951 | ||
| 300 | _a40p. | ||
| 546 | _aM. Ed. Dissertation 1951 | ||
| 942 |
_cDIS _h371, SAL/DI |
||
| 999 |
_c1359460 _d1359460 |
||